LDR 00839naa#a2200181#i#450# 001 EN\\bibl\118328 005 20260602161431.2 011 ## _a2224-6789 100 ## _a20260401b2026####ek#y0engy0150####ca 102 ## _aRU 200 1# _aScientific and pedagogical support for the implementation of artificial intelligence in the university educational environment: ethical and legal aspects _eJournal article 210 1# _aMoscow _cRussian International Academy for Tourism _d2026 215 ## _a6 с. 608 ## _aJournal article _2local 675 ## _aОрганизация воспитания и образования. Школоведение. 371 _aНосители вводимых и выводимых данных. Запоминающие среды. 004.08 _z 700 #1 _aLaguseva _gN. N. 700 #1 _aKochetova _gS. M. 856 4# _avestnik-rmat.editorum.ru _u